=LDR 00000nam 2200000 4500 =001 INLIS000000000016784 =005 20200416015908 =035 ##$$a 0010-061300000016784 =008 200416################g##########0#ind## =041 ##$$a Ind =082 ##$$a 2x3 =090 ##$$a 2x3, Tat t =100 1#$$a Tatapangarsa, Hunaidi =245 1#$$a Kuliah aqidah lengkap, /$c Haemidi Tatapanarsa =260 ##$$a Surabaya :$b Bina Ilmu,$c 1993 =300 ##$$a 228 hlm, ; $c 13 x 20 cm =650 #4$$a Aqidah =850 ##$$a NBPNMAT =084 ##$$a 2x3 TAT k =250 ##$$a cet.8 =990 ##$$a 20403636